000 00274nam a2200121Ia 4500
008 190216s9999||||xx |||||||||||||| ||und||
100 _aSusamma Jacob
245 0 _aThengu Krishi
260 _bDepartment Of Botany
_c1974
300 _a112p
650 _aBotany
942 _cBK
999 _c37813
_d37813